Instrumentation and process measurements
The book gives an overview of instrument systems, followed by a kook at the constituent elements of such systems, a discussion of measurement systems for process variables and the maintenance of instrument systems. All chapters include worked examples and problems, with answers appearing at the end...
Đã lưu trong:
| 主要作者: | |
|---|---|
| 格式: | 圖書 |
| 語言: | Undetermined |
| 出版: |
London
Longman
1991
|
| 主題: | |
| 標簽: |
添加標簽
沒有標簽, 成為第一個標記此記錄!
|
| Thư viện lưu trữ: | Trung tâm Học liệu Trường Đại học Cần Thơ |
|---|
| LEADER | 00828nam a2200193Ia 4500 | ||
|---|---|---|---|
| 001 | CTU_19409 | ||
| 008 | 210402s9999 xx 000 0 und d | ||
| 082 | |a 620.0044 | ||
| 082 | |b B694 | ||
| 100 | |a William Bolton (1933- | ||
| 245 | 0 | |a Instrumentation and process measurements | |
| 245 | 0 | |c William Bolton (1933- | |
| 260 | |a London | ||
| 260 | |b Longman | ||
| 260 | |c 1991 | ||
| 520 | |a The book gives an overview of instrument systems, followed by a kook at the constituent elements of such systems, a discussion of measurement systems for process variables and the maintenance of instrument systems. All chapters include worked examples and problems, with answers appearing at the end of the book | ||
| 650 | |a instrumentation systems | ||
| 904 | |i Minh, 971030 | ||
| 980 | |a Trung tâm Học liệu Trường Đại học Cần Thơ | ||